| 000 | 00475nam a22001937a 4500 | ||
|---|---|---|---|
| 005 | 20191121144710.0 | ||
| 008 | 191121b xxu||||| |||| 00| 0 eng d | ||
| 020 |
_a9780415589550 _cRs. 595.00 |
||
| 040 |
_aLoreto College _beng |
||
| 041 | _aEnglish | ||
| 082 |
_a370 _bWOO |
||
| 100 | _aWood, Kay | ||
| 245 |
_aEducation _cKay Wood _bThe basics |
||
| 260 |
_aOxon _bRoutledge _c2011 |
||
| 300 |
_a170 p. _b24 cm. |
||
| 650 | _aEducation | ||
| 850 | _aLCLIB | ||
| 942 | _cBK | ||
| 999 |
_c42466 _d92945 |
||